000 00506nam a22001457a 4500
999 _c30853
_d30853
008 210125b ||||| |||| 00| 0 eng d
050 _aHG 176.5 .F73 2019
100 _aFranke,Jurgen.
245 _aStatistics of financial markets:
_ban introduction/
_cJurgen franke.
250 _a5th ed
260 _aSwitzerland:
_bSpringer,
_cc2019
300 _axxxvi,585p.:
_bill.(some col).;
_c24cm
504 _aIncludes bibliographical details and index
942 _2lcc
_cBOOKS
_hHG 176.5 .F73 2019